000 00415nam a2200157Ia 4500
008 240729s9999 xx 000 0 und d
022 _a1178-7090
245 0 _aJournal of Pain Research
260 _aUnited Kingdom
260 _bDove Medical Press
650 _a Medicine (General)
650 _aMedicine
856 _uhttps://doaj.org/toc/5f3e39b1977245c48fb9a284abf064fd
942 _2ddc
942 _cDOAJEJ
999 _c73629
_d73629
945 _a1
_bMadushi Gamage
_c1
_dMadushi Gamage